000 00857nam a22002657a 4500
003 DO-SdBNP
005 20260120073951.0
007 ta
008 220620b2018 dr a|||| |||| 00| 0 spa d
020 _a9789945802313
040 _aDO-SdBNP
_bspa
_cBNPHU
082 4 _a248.4
_bG527g
_222
100 1 _aGirón, Judith
_981885
245 1 0 _aGestación vive en mi :
_bfructificando en amor gozo y paz /
_cJudith Girón
260 _aSanto Domingo :
_bImpresora Soto Castillo,
_c2018.
300 _a386 p. :
_bil. ;
_c23 cm.
504 _aBibliografía : p. 383-386
590 _aInventariado, 2022 /LP
590 _aLa biblioteca posee un ejemplar autografiado
650 0 _aVida espiritual
_9268
650 0 _aVida cristiana
_9668
650 0 _aConducta de vida
_911947
910 _aLopérez/Validado. Control de calidad MFF
942 _2ddc
_cLBS1
999 _c52067
_d52067